[Event "Sherbrooke-opC"]
[Site "Sherbrooke"]
[Date "2005.05.27"]
[Round "1"]
[White "Fournier, Mathieu"]
[Black "Belanger, Jean Sebastien"]
[Result "0-1"]
[WhiteElo "1196"]
[BlackElo "1440"]
[PlyCount "102"]
[EventDate "2005.05.??"]
[EventType "swiss"]
[EventRounds "5"]
[EventCountry "CAN"]
[SourceTitle "CBM 106 Extra"]
[Source "ChessBase"]
[SourceDate "2005.07.01"]
[SourceVersion "1"]
[SourceVersionDate "2005.07.01"]
[SourceQuality "1"]

1. e4 c6 2. d4 d5 3. Nc3 dxe4 4. Nxe4 Bf5 5. Ng3 Bg6 6. Nf3 Nf6 7. Bc4 e6 8. Bg5 Nbd7 9. 0-0 Qc7 10. Re1 0-0-0 11. a3 h6 12. Bh4 Be7 13. b4 Bh7 14. Ne2 g5 15. Bg3 Bd6 16. Nc3 Bxg3 17. fxg3 g4 18. Ne5 Nxe5 19. Rxe5 Qxe5 20. dxe5 Rxd1+ 21. Rxd1 Nd7 22. Bd3 Bxd3 23. Rxd3 Nxe5 24. Rd4 f5 25. Ne2 Rd8 26. a4 Rxd4 27. Nxd4 Kd7 28. Kf2 b6 29. c3 c5 30. Ne2 cxb4 31. cxb4 Nd3+ 32. Ke3 Nxb4 33. Nd4 Nc6 34. Nb5 a6 35. Na3 Ne5 36. Kd4 Kd6 37. h3 h5 38. h4 Nc6+ 39. Kc3 e5 40. Nc4+ Kc5 41. Nb2 e4 42. Nc4 b5 43. axb5 axb5 44. Ne3 Ne7 45. Nc2 Nd5+ 46. Kb2 b4 47. Kc1 Kc4 48. Kd2 e3+ 49. Ke2 b3 50. Na3+ Kb4 51. Nb1 Nc3+ 0-1

[Event "Sherbrooke Perpetuelles Ete"]
[Site "Sherbrooke"]
[Date "2004.08.13"]
[Round "5"]
[White "Belanger, Jean Sebastien"]
[Black "Simoneau, Georges"]
[Result "1-0"]
[WhiteElo "1354"]
[BlackElo "1505"]
[PlyCount "31"]
[EventDate "2004.??.??"]
[EventType "swiss"]
[EventRounds "7"]
[EventCountry "CAN"]
[SourceTitle "EXT 2006"]
[Source "ChessBase"]
[SourceDate "2005.11.24"]
[SourceVersion "1"]
[SourceVersionDate "2005.11.24"]
[SourceQuality "1"]

1. d4 d5 2. Nf3 e6 3. Bf4 Nf6 4. e3 Be7 5. Bd3 0-0 6. g4 Ne4 7. Nbd2 f5 8. Rg1 Nd7 9. gxf5 exf5 10. Qe2 c5 11. Bh6 Bf6 12. c3 Kh8 13. Bf4 Re8 14. Bxe4 fxe4 15. Ng5 Qe7 16. Bd6 1-0

[Event "Sherbrooke op-C"]
[Site "Sherbrooke"]
[Date "2004.05.30"]
[Round "5"]
[White "Belanger, Jean Sebastien"]
[Black "Laplante, Guy"]
[Result "1-0"]
[WhiteElo "1336"]
[BlackElo "1187"]
[PlyCount "50"]
[EventDate "2004.05.??"]
[EventType "swiss"]
[EventRounds "5"]
[EventCountry "CAN"]
[SourceTitle "EXT 2006"]
[Source "ChessBase"]
[SourceDate "2005.11.24"]
[SourceVersion "1"]
[SourceVersionDate "2005.11.24"]
[SourceQuality "1"]

1. e4 e5 2. Nf3 Nc6 3. Bc4 Nf6 4. Ng5 d5 5. exd5 Nxd5 6. Nxf7 Kxf7 7. Qf3+ Ke8 8. Bxd5 Bf5 9. Bxc6+ bxc6 10. Qxf5 Bd6 11. Qe6+ Kf8 12. 0-0 h5 13. d3 Qf6 14. Qc4 c5 15. f4 Ke7 16. fxe5 Qxe5 17. Bf4 Qxb2 18. Bxd6+ cxd6 19. Rf7+ Kd8 20. Qe6 Qc1+ 21. Kf2 Qxc2+ 22. Ke3 Qc1+ 23. Ke2 Qb2+ 24. Kf3 Qb5 25. Qe7+ Kc8 1-0

[Event "Sherbrooke Perpetuelles 11-15"]
[Site "Sherbrooke"]
[Date "2003.09.12"]
[Round "4"]
[White "Belanger, Jean Sebastien"]
[Black "Jolin, Fernand"]
[Result "1-0"]
[WhiteElo "1440"]
[BlackElo "1380"]
[PlyCount "80"]
[EventDate "2003.08.??"]
[EventType "swiss"]
[EventRounds "5"]
[EventCountry "CAN"]
[SourceTitle "EXT 2006"]
[Source "ChessBase"]
[SourceDate "2005.11.24"]
[SourceVersion "1"]
[SourceVersionDate "2005.11.24"]
[SourceQuality "1"]

1. e4 e5 2. f4 exf4 3. Nf3 d6 4. d4 Ne7 5. Bxf4 Bg4 6. Be2 Ng6 7. Bg3 Be7 8. 0-0 0-0 9. Nc3 c6 10. Qd3 Nd7 11. Nd1 c5 12. d5 Qb6 13. c4 Bxf3 14. Bxf3 Bf6 15. Rb1 Nde5 16. Qb3 Qxb3 17. axb3 Nxf3+ 18. gxf3 Bd4+ 19. Kg2 Rad8 20. Nc3 Bxc3 21. bxc3 f5 22. b4 f4 23. Bf2 b6 24. bxc5 dxc5 25. Ra1 Rd7 26. Rfe1 Ne5 27. Ra4 Nd3 28. Re2 Nxf2 29. Kxf2 a5 30. e5 Rf5 31. e6 Re7 32. d6 Re8 33. d7 Kf8 34. e7+ Kf7 35. d8Q Rh5 36. Qxb6 Rxh2+ 37. Ke1 Rxe2+ 38. Kxe2 Rxe7+ 39. Kf2 Re3 40. Rxa5 Re6 1-0

[Event "Sherbrooke Perpetuelles 11-15"]
[Site "Sherbrooke"]
[Date "2003.09.05"]
[Round "3"]
[White "Thomsen, Gunther"]
[Black "Belanger, Jean Sebastien"]
[Result "0-1"]
[WhiteElo "1176"]
[BlackElo "1440"]
[PlyCount "62"]
[EventDate "2003.08.??"]
[EventType "swiss"]
[EventRounds "5"]
[EventCountry "CAN"]
[SourceTitle "EXT 2006"]
[Source "ChessBase"]
[SourceDate "2005.11.24"]
[SourceVersion "1"]
[SourceVersionDate "2005.11.24"]
[SourceQuality "1"]

1. e4 b6 2. b3 Bb7 3. Nc3 e6 4. g3 Bb4 5. Bb2 Nf6 6. Bg2 0-0 7. Nge2 d5 8. exd5 exd5 9. 0-0 c6 10. Nf4 Nbd7 11. Nce2 Ne4 12. c3 Bc5 13. d4 Be7 14. c4 Ndf6 15. f3 Ng5 16. Nd3 Re8 17. Bc1 Ne6 18. Be3 Bd6 19. a4 c5 20. dxc5 Nxc5 21. Bg5 dxc4 22. bxc4 h6 23. Bxf6 Qxf6 24. Nf2 Rad8 25. Ne4 Nxe4 26. fxe4 Bc5+ 27. Kh1 Rxd1 28. Raxd1 Qb2 29. Rd7 Bxe4 30. Bxe4 Rxe4 31. Rdxf7 Rxe2 0-1